Grösste Schweizer Städte nach Buchstabe - D - Statistiken

Allgemein
  • Dieses Quiz wurde 104 mal gespielt
  • Das Durchschnittsergebnis liegt bei 6 aus 12
Antwortstatistiken
Kanton Einwohner Stadt % Korrekt
JU 12’636 Delémont
86%
GR 10’732 Davos
81%
ZH 30’801 Dübendorf
81%
ZH 28’162 Dietikon
71%
ZH 7’855 Dietlikon
56%
FR 8’793 Düdingen
47%
SO 6’799 Derendingen
44%
ZH 6’151 Dielsdorf
39%
GR 8’199 Domat/Ems
39%
SO 6’795 Dornach
39%
SG 6’889 Diepoldsau
23%
ZH 7’779 Dürnten
19%
Keine übereinstimmenden Quizze gefunden
Verteilung der Resultate
Anzahl Personen mit jedem Resultat
Perzentil nach korrekt beantworteten Fragen
Ihre Resultats-Entwicklung
Sie haben dieses Quiz noch nicht gespielt